| 000 | 01017cam a22002055a 4500 | ||
|---|---|---|---|
| 001 | L141159 | ||
| 008 | 071031s1799 xxk eng u | ||
| 035 | _a(Sirsi) u141159 | ||
| 041 | 0 | _aeng | |
| 245 | 0 | 4 | _aThe particulars of a freehold estate situate in the parish of Saint Clement Danes in the county of Middlesex which will be peremptorily sold in thirty-nine lots, persuant to a decree in the High Court of Chancery...before Edward Leeds Esquire, one of the Masters of the said Court, at the Public Sale Room in Southampton Buildings, Chancery Lane, London on Tuesday the 12th day of November 1799... |
| 260 |
_aS.l. _bs.n. _c[1799] |
||
| 300 |
_a7 p. _c33 cm. |
||
| 340 | _aPrinted | ||
| 351 | _cSingle item | ||
| 500 | _aSale is related to the case of Lady Catherine Pelham Clinton v Lord Robert Seymour and others. | ||
| 500 | _aItem presented by Major Vivian B. Rogers. | ||
| 651 | 4 | _aLondon | |
| 690 | _aPROPERTY-PROPERTY ACQUISITION AND DISPOSAL-ACQUISITION AND DISPOSAL AT AUCTION | ||
| 942 | _n0 | ||
| 999 |
_c116631 _d116631 |
||